| 000 | 00421nam a2200169 a 4500 | ||
|---|---|---|---|
| 001 | 0000-8951 | ||
| 003 | ELIB.Books | ||
| 008 | 110520 1964 | ||
| 035 | _a(ELIB.Books)0000-9099 | ||
| 082 |
_a242 _bBio |
||
| 100 | _aBiornard, Reidar B. | ||
| 245 | _aToward Man's Redemption | ||
| 260 |
_bU.S.A: The Judson Press _c1964 |
||
| 650 | _aDevotional | ||
| 942 |
_2ddc _cBK |
||
| 998 |
_cbat _e2011-05-20 |
||
| 999 |
_c8951 _d8951 |
||